000
00363nam a2200145Ia 4500
008
090124s9999 xx 000 0 und d
082
_b
135219
245
_a
नेताजी
250
_a
1
260
_b
खाडीलकर नीलकंठ
_c
1999
300
_a
113
630
_a
नेताजी
730
_a
नेताजी
942
_c
BOOK
999
_c
200092
_d
200092